书目信息 |
| 题名: |
行为, 艺术营销
|
|
| 作者: | 舒勇 , 子月 著 | |
| 分册: | ||
| 出版信息: | 广州 广东经济出版社 2005.09 |
|
| 页数: | 202页 | |
| 开本: | 24cm | |
| 丛书名: | ||
| 单 册: | ||
| 中图分类: | F713.50 | |
| 科图分类: | ||
| 主题词: | 市场营销学--shi chang ying xiao xue | |
| 电子资源: | ||
| ISBN: | 7-80728-114-6 | |
| 000 | 01306nam0 2200253 450 | |
| 001 | 012006604048 | |
| 005 | 20060912164347.90 | |
| 010 | @a7-80728-114-6@dCNY28.00 | |
| 100 | @a20060623d2005 km y0chiy0120 ea | |
| 101 | 0 | @achi |
| 102 | @aCN@b440000 | |
| 105 | @aa z 000yy | |
| 200 | 1 | @a行为, 艺术营销@Axing wei,yi shu ying xiao@d= The marketing of performance and art@f舒勇, 子月著@Fshu yong,zi yue zhu@zeng |
| 210 | @a广州@c广东经济出版社@d2005.09 | |
| 215 | @a202页@c图@d24cm | |
| 314 | @a舒勇,行为·艺术营销创立者,著名先锋艺术家、建筑师、导演。其轰动性的艺术代表作有《知识因传播而美丽》、《地球在流血》等。; 子月,CBC管理研究教育中心研究员、广东省人民政府发展研究中心“台商研究课题组”成员等。著有《岭南经济史》、《 丰山英杰传》等十多部书籍。 | |
| 330 | @a本书通过舒勇多年来所进行的大量行为·艺术营销案例。子月在企业调研过程中收集了中国标杆企业营销案例和世界著名 的属于行为·艺术营销的案例,从理论和实际运作上对行为·营销艺术的概念、方案策划设计、组织执行、营销攻略,以及在营销全球化背景下的行为·营销艺术的独特作用等进行了系统介绍。 | |
| 510 | 1 | @aMarketing of performance and art@zeng |
| 606 | 0 | @a市场营销学@Ashi chang ying xiao xue |
| 690 | @aF713.50@v4 | |
| 701 | 0 | @a舒勇@Ashu yong@4著 |
| 701 | 0 | @a子月@Azi yue@4著 |
| 801 | 0 | @aCN@bQSSK@c20060912 |
| 905 | @a10447@dF713.50@eS643 | |
| 行为, 艺术营销= The marketing of performance and art/舒勇, 子月著.-广州:广东经济出版社,2005.09 |
| 202页:图;24cm |
| ISBN 7-80728-114-6:CNY28.00 |
| 本书通过舒勇多年来所进行的大量行为·艺术营销案例。子月在企业调研过程中收集了中国标杆企业营销案例和世界著名 的属于行为·艺术营销的案例,从理论和实际运作上对行为·营销艺术的概念、方案策划设计、组织执行、营销攻略,以及在营销全球化背景下的行为·营销艺术的独特作用等进行了系统介绍。 |
| ● |
| 相关链接 |
|
|
|
正题名:行为, 艺术营销
索取号:F713.50/S643
 
预约/预借
| 序号 | 登录号 | 条形码 | 馆藏地/架位号 | 状态 | 备注 |
| 1 | 590545 | 205905458 | 社科库409/409社科库 43排6列1层/ [索取号:F713.50/S643] | 在馆 | |
| 2 | 590546 | 205905467 | 社科库409/409社科库 43排6列1层/ [索取号:F713.50/S643] | 在馆 | |
| 3 | 590547 | 205905476 | 社科库409/409社科库 43排6列1层/ [索取号:F713.50/S643] | 在馆 |